| Tag |
First Indicator |
Second Indicator |
Subfields |
| LEADER |
00000cam a2200000 a 4500 |
| 001 |
in00002172821 |
| 006 |
m e d # |
| 007 |
cr mn mmmmamba |
| 008 |
910923s1796 nhu s 000 0 eng d |
| 005 |
20260331161511.0 |
| 035 |
|
|
|a aas03041169
|
| 040 |
|
|
|a MWA
|c MWA
|e bdrb
|d UtOrBLW
|
| 110 |
2 |
|
|a New Hampshire Association.
|
| 245 |
1 |
0 |
|a Minutes of the New-Hampshire Association :
|b held at the Baptist Meeting-House in Madbury, Wednesday and Thursday, June 8th and 9th, 1796.
|
| 264 |
|
3 |
|a Portsmouth, N.H. :
|b Printed by Charles Peirce, in Court-Street,
|c 1796.
|
| 300 |
|
|
|a 8 pages ;
|c 20 cm. (quarto)
|
| 336 |
|
|
|a text
|b txt
|2 rdacontent
|
| 337 |
|
|
|a computer
|b c
|2 rdamedia
|
| 338 |
|
|
|a online resource
|b cr
|2 rdacarrier
|
| 500 |
|
|
|a Circular letter by Edmund Pilsbury.
|
| 500 |
|
|
|a Not in Evans or Bristol.
|
| 533 |
|
|
|a Electronic text and image data.
|b [Chester, Vt. :
|c Readex, a division of Newsbank, Inc.,
|d 2002-2004.
|e Includes files in TIFF, GIF and PDF formats with inclusion of keyword searchable text.
|f (Early American imprints. First series ; no. 49912).
|
| 500 |
|
|
|a Electronic resource.
|
| 650 |
|
0 |
|a Baptist associations.
|
| 700 |
1 |
|
|a Pillsbury, Edmund,
|d 1738-1816.
|
| 752 |
|
|
|a United States
|b New Hampshire
|d Portsmouth.
|
| 830 |
|
0 |
|a Early American imprints.
|n Series I,
|p Evans (1639-1800) ;
|v no. 49912.
|
| 856 |
4 |
1 |
|u http://proxy.library.tamu.edu/login?url=https://opac.newsbank.com/select/evans/49912
|y Evans Digital Edition
|t 0
|
| 999 |
|
|
|a MARS
|
| 999 |
f |
f |
|s ed4d2f87-df9f-306c-86f9-b6d33db010c9
|i e0897f49-9441-33f2-89ea-f6cf803353f0
|t 0
|
| 952 |
f |
f |
|a Texas A&M University
|b College Station
|c Electronic Resources
|s www_evans
|d Available Online
|t 0
|h No information provided
|
| 998 |
f |
f |
|t 0
|l Available Online
|